| 000 | 00820nas a2200277 4500 | ||
|---|---|---|---|
| 001 | BR2013002356 | ||
| 003 | BR-BrBNA | ||
| 005 | 20231205122110.0 | ||
| 007 | ta | ||
| 008 | 230509b bl.|||p| |||| 00| 00por d | ||
| 040 |
_aBR-BrBNA _bpor _cBiblioteca Nacional de Agricultura |
||
| 041 | _a(En) | ||
| 072 | _aH60 | ||
| 100 | 1 | _aFanela, T.L.M. | |
| 100 | 1 | _aBaldin, E.L.L. | |
| 100 | 1 | _aFujihara, R.T. | |
| 245 | 1 | _aNew experimental tools for bioassays with whitefly in laboratory | |
| 650 | _aMOSCA BRANCA | ||
| 650 | _aBEMISIA TABACI | ||
| 650 | _aINCETICIDA | ||
| 650 | _aPULVERIZAÇÃO | ||
| 650 | _aGAIOLA | ||
| 773 | 0 |
_tPesquisa Agropecuária Brasileira (Brazil) _xISSN 0100-204X _g(Dec 2012), v. 47(12) p. 1782-1784 _wBR2013002356 |
|
| 909 |
_a202311 _bLúcia _c55 _dLúcia Elande |
||
| 942 |
_2AGRIS _n0 _cANA |
||
| 999 |
_c226911 _d226911 |
||